Afterlife (Record no. 33856)

MARC details
000 -LEADER
fixed length control field 00577nam a2200181 a 4500
008 - FIXED-LENGTH DATA ELEMENTS--GENERAL INFORMATION
fixed length control field 200123s2016 ||||||||||||||||| || u
020 ## - INTERNATIONAL STANDARD BOOK NUMBER
International Standard Book Number 9781909477810
050 ## - LIBRARY OF CONGRESS CALL NUMBER
Classification number BD 300 Oga
100 ## - MAIN ENTRY--PERSONAL NAME
Personal name Ogali, Tracy
245 10 - TITLE STATEMENT
Title Afterlife
Statement of responsibility, etc. By Tracy Ogali
260 ## - PUBLICATION, DISTRIBUTION, ETC.
Place of publication, distribution, etc. London
Name of publisher, distributor, etc. Clink Street
Date of publication, distribution, etc. 2016
300 ## - PHYSICAL DESCRIPTION
Extent 57 pages : illustrations
350 ## - PRICE (NR) (BK AM CF MU VM SE) [OBSOLETE]
Price 10.99
650 ## - SUBJECT ADDED ENTRY--TOPICAL TERM
Topical term or geographic name entry element LIFE
650 #4 - SUBJECT ADDED ENTRY--TOPICAL TERM
Topical term or geographic name entry element DEATH
650 ## - SUBJECT ADDED ENTRY--TOPICAL TERM
Topical term or geographic name entry element GRIEF
995 ## - RECOMMENDATION 995 [LOCAL, UNIMARC FRANCE]
-- CBU-MAIN LIBRARY (Kitwe)
-- 10.99
-- 1
-- AVAILABLE
-- Jan 28, 2020
-- Medical Library Open Access Collection
Holdings
Withdrawn status Lost status Source of classification or shelving scheme Damaged status Not for loan Home library Current library Shelving location Date acquired Total Checkouts Full call number Barcode Date last seen Price effective from Koha item type
          CBU-MAIN LIBRARY, KITWE. CBU-MAIN LIBRARY, KITWE.   11/30/2022   BD 300 Oga 750150 11/30/2022 11/30/2022 MONOGRAPH